Phoenix Suns leading scorer per game (2022-2023 season) - Statistics

General Stats
  • This quiz has been taken 16 times
  • The average score is 6 of 12
Answer Stats
# of games Player % Correct
32 Devin Booker
100%
3 Chris Paul
92%
13 Deandre Ayton
83%
4 Kevin Durant
83%
12 Mikal Bridges
50%
3 Cameron Johnson
42%
3 Cameron Payne
33%
4 Josh Okogie
33%
2 Landry Shamet
25%
2 Damion Lee
17%
2 Torrey Craig
17%
2 Duane Washington Jr.
8%
No matching quizzes found
Score Distribution
Percent of People with Each Score
Percentile by Number Answered
Your Score History
You have not taken this quiz